| 000 | 01156nam a2200241Ia 4500 | ||
|---|---|---|---|
| 003 | IN-BaIIA | ||
| 008 | 211028s9999 xx 000 0 eng d | ||
| 020 | _a0-89766-708-5 | ||
| 040 | _cIIA Library | ||
| 080 |
_a524.834(063) _bREL |
||
| 111 |
_aTexas/ European Southern Observatory/-Symposium Artificial Intelligence for Science, Industry Symposium on Relativistic Astrophysics, Cosmology and Fundamental Physics _cBrighton _d1991 Dec. 16-21 _919366 |
||
| 245 | 0 |
_aRelativistic Astrophysics, cosmology and fundamental Physics _bproceedings of Texas/ ESO/-Symposium Artificial Intelligence for Science, Industry Symposium on Relativistic Astrophysics, cosmology and fundamental Physics, held in Brighton, UK, 16-21 Dec 1991 _cedited by John D Barrow and Leon Mestel |
|
| 260 |
_aNew York _bThe New York Academy of Sciences _c1991 |
||
| 300 | _a[various pagings.] | ||
| 650 | _aAstronomy and Astrophysics thesaurus | ||
| 650 |
_aAstrophysics _9794 |
||
| 650 | _aCosmology | ||
| 650 |
_aGeneral Relativity _93824 |
||
| 650 |
_aRelativistic cosmology _96459 |
||
| 700 |
_aBarrow, John D., ed. _919367 |
||
| 700 |
_aMestel, Leon.,ed. _919368 |
||
| 942 | _cBK | ||
| 999 |
_c11295 _d11295 |
||